书目信息 |
| 题名: |
地质力学
|
|
| 作者: | ;长春地质学院地质力学教研室 编 | |
| 分册: | ||
| 出版信息: | 北京 地质出版社 1979 |
|
| 页数: | 206页 | |
| 开本: | 26cm | |
| 丛书名: | ||
| 单 册: | ||
| 中图分类: | P55-43 | |
| 科图分类: | ||
| 主题词: | 地质力学--高等学校--教材 | |
| 电子资源: | ||
| ISBN: | ||
| 000 | 00672nam0 2200229 45 | |
| 001 | 0179002689 | |
| 005 | 20060819091941.56 | |
| 010 | @d¥1.50 | |
| 091 | @aCN@b15038.新362 | |
| 100 | @a19950726d1979 em y0chiy0121 ea | |
| 101 | 0 | @achi |
| 102 | @aCN@b110000 | |
| 105 | @ay z 000yy | |
| 200 | 10 | @a地质力学@Adi zhi li xue@f长春地质学院地质力学教研室编 |
| 210 | @a北京@c地质出版社@d1979 | |
| 215 | @a206页@d26cm | |
| 300 | @a高等学校试用教材 | |
| 606 | @a地质力学@x高等学校@x教材 | |
| 690 | @aP55-43@v3 | |
| 711 | 02 | @a长春地质学院地质力学教研室@Achang chun di zhi xue yuan di zhi li xue jiao yan shi@4编 |
| 801 | 0 | @aCN@bTSSF@c20060819 |
| 905 | @a10447@dP55-43@e90 | |
| 地质力学/长春地质学院地质力学教研室编.-北京:地质出版社,1979 |
| 206页;26cm |
| 高等学校试用教材 |
| ISBN :¥1.50 |
| ● |
| 相关链接 |
|
|
|
|
正题名:地质力学
索取号:P55-43/90
 
预约/预借
| 序号 | 登录号 | 条形码 | 馆藏地/架位号 | 状态 | 备注 |
| 1 | 0458944 | 204589445 | 密集书库/ [索取号:P55-43/90] | 在馆 |